Je nutné si zvykat na špatnou kvalitu IT?

Poskytovanie produktov a kvalita služieb, ktorých činnosť je bezprostredne závislá na kvalite informačných technológií. Priamy dopad na kvalitu zákazníckych služieb a práca interných zamestnancov.

Gespeichert in:
Bibliographische Detailangaben
1. Verfasser: Koshcheev, Andrey
Format: Buchkapitel
Sprache:Tschechisch
Schlagworte:
Tags: Tag hinzufügen
Keine Tags, Fügen Sie das erste Tag hinzu!

MARC

LEADER 00000naa a2200000 4500
001 0158469
005 20231211073526.4
041 0 |a cze 
044 |a CZ 
245 1 0 |a Je nutné si zvykat na špatnou kvalitu IT?  |c Andrey Koshcheev 
520 |a Poskytovanie produktov a kvalita služieb, ktorých činnosť je bezprostredne závislá na kvalite informačných technológií. Priamy dopad na kvalitu zákazníckych služieb a práca interných zamestnancov. 
610 2 0 |a služby 
610 2 0 |a kvalita služieb 
610 2 0 |a služby elektronické 
610 2 0 |a marketing služieb 
610 2 0 |a technológie informačné 
610 2 0 |a technológie komunikačné 
100 1 |a Koshcheev, Andrey